By the Way Tracklist (RHCP) - Statistics

General Stats
  • This quiz has been taken 42 times
  • The average score is 11 of 16
Answer Stats
Hint Answer % Correct
1 By the Way
100%
7 Can't Stop
90%
4 Dosed
80%
6 The Zephyr Song
77%
2 Universally Speaking
73%
16 Venice Queen
73%
10 Throw Away Your Television
67%
11 Cabron
63%
5 Don't Forget Me
60%
8 I Could Die for You
60%
9 Midnight
57%
13 On Mercury
57%
3 This Is the Place
57%
12 Tear
50%
14 Minor Thing
47%
15 Warm Tape
43%
No matching quizzes found
Score Distribution
Percent of People with Each Score
Percentile by Number Answered
Your Score History
You have not taken this quiz